书目信息 |
| 题名: |
自动控制工程基础与应用
|
|
| 作者: | 刘琪 主编 | |
| 分册: | ||
| 出版信息: | 北京 航空工业出版社 2013.02 |
|
| 页数: | 328页 | |
| 开本: | 26cm | |
| 丛书名: | ||
| 单 册: | ||
| 中图分类: | TP13 | |
| 科图分类: | ||
| 主题词: | 自动控制理论 | |
| 电子资源: | ||
| ISBN: | 978-7-5165-0140-5 | |
| 000 | 00595nam0 2200205 450 | |
| 001 | 281 | |
| 005 | 20160905153319.75 | |
| 010 | @a978-7-5165-0140-5@dCNY39.80 | |
| 092 | @b自动 | |
| 100 | @a20160721d2013 km y0chiy0120 ea | |
| 101 | 0 | @achi |
| 102 | @aCN@b110000 | |
| 200 | 1 | @a自动控制工程基础与应用@Azi dong kong zhi gong cheng ji chu yu ying yong@f刘琪主编@Fliu qi zhu bian |
| 210 | @a北京@c航空工业出版社@d2013.02 | |
| 215 | @a328页@d26cm | |
| 606 | 0 | @a自动控制理论 |
| 690 | @aTP13@v4 | |
| 701 | 0 | @a刘琪@Aliu qi@4主编 |
| 801 | 0 | @aCN@b唐山师范学院图书馆@c20160721 |
| 905 | @aZUCC@dTP13@e100 | |
| 自动控制工程基础与应用/刘琪主编.-北京:航空工业出版社,2013.02 |
| 328页;26cm |
| ISBN 978-7-5165-0140-5:CNY39.80 |
| ● |
| 相关链接 |
|
|
|
|
正题名:自动控制工程基础与应用
索取号:TP13/100
 
预约/预借
| 序号 | 登录号 | 条形码 | 馆藏地/架位号 | 状态 | 备注 |
| 1 | 901167 | 209011674 | 第二样本阅览室/ [索取号:TP13/100] | 在馆 | |
| 2 | 901168 | 209011683 | 第三借阅区/ [索取号:TP13/100] | 在馆 | |
| 3 | 901169 | 209011692 | 第三借阅区/ [索取号:TP13/100] | 在馆 | |
| 4 | 901170 | 209011709 | 第三借阅区/ [索取号:TP13/100] | 在馆 | |
| 5 | 901171 | 209011718 | 第三借阅区/ [索取号:TP13/100] | 在馆 |